[Event "4NCL 2021-22"]
[Site "England"]
[Date "2022.03.26"]
[Round "5.64"]
[White "Mokhber-Garcia, Sebastian"]
[Black "Roy, Ali"]
[Result "0-1"]
[WhiteElo "1125"]
[BlackElo "1883"]
[Annotator "NA"]
[PlyCount "120"]
[EventDate "2021.11.27"]
[EventType "team-tourn"]
[EventCountry "ENG"]
[SourceTitle "playchess.com"]
[Source "ChessBase"]
[SourceQuality "1"]
[TimeControl "40/6000+30:3000+30"]

1. e4 {[%emt 0:00:02]} e6 {[%emt 0:00:05]} 2. c4 {[%emt 0:00:11]} d5 {[%emt 0:00:14]} 3. cxd5 {[%emt 0:00:10]} exd5 {[%emt 0:00:13]} 4. Qb3 {[%emt 0:00:10]} dxe4 {[%emt 0:00:51]} 5. Bc4 {[%emt 0:00:11]} Qd7 {[%emt 0:00:33]} 6. Nc3 {[%emt 0:00:35]} Nf6 {[%emt 0:00:33]} 7. d3 {[%emt 0:00:27]} Nc6 {[%emt 0:02:12]} 8. Qa4 {[%emt 0:01:04]} Nb4 {[%emt 0:23:49]} 9. Qb3 {[%emt 0:02:38]} Nxd3+ {[%emt 0:02:43]} 10. Bxd3 {[%emt 0:00:37]} exd3 {[%emt 0:02:00]} 11. Bg5 {[%emt 0:00:34]} Qe6+ {[%emt 0:01:55]} 12. Kd2 {[%emt 0:00:34]} Qxb3 {[%emt 0:01:22]} 13. axb3 {[%emt 0:00:08]} Bb4 {[%emt 0:02:34]} 14. Bxf6 {[%emt 0:00:14]} gxf6 {[%emt 0:00:04]} 15. Kxd3 {[%emt 0:00:31]} Bf5+ {[%emt 0:01:22]} 16. Kc4 {[%emt 0:00:14]} c5 {[%emt 0:01:50]} 17. Re1+ {[%emt 0:03:53]} Be6+ {[%emt 0:01:39]} 18. Kd3 {[%emt 0:00:11]} O-O-O+ {[%emt 0:00:21]} 19. Kc2 {[%emt 0:00:28]} Bf5+ {[%emt 0:01:10]} 20. Kc1 {[%emt 0:00:36]} Rd3 {[%emt 0:03:00]} 21. Re3 {[%emt 0:00:20]} Rxe3 {[%emt 0:01:31]} 22. fxe3 {[%emt 0:00:14]} Re8 {[%emt 0:00:33]} 23. Kd2 {[%emt 0:00:29]} Rg8 {[%emt 0:01:05]} 24. Nge2 {[%emt 0:02:10]} Rxg2 {[%emt 0:00:48]} 25. Rf1 {[%emt 0:00:19]} Bxc3+ {[%emt 0:06:02]} 26. Kxc3 {[%emt 0:01:37]} Be4 {[%emt 0:01:31]} 27. Kd2 {[%emt 0:01:09]} Rxh2 {[%emt 0:00:59]} 28. Rxf6 {[%emt 0:00:23]} Bg6 {[%emt 0:01:36]} 29. Ke1 {[%emt 0:00:28]} Kd7 {[%emt 0:03:46]} 30. Nf4 {[%emt 0:00:26]} Rxb2 {[%emt 0:01:33]} 31. Nxg6 {[%emt 0:00:33]} fxg6 {[%emt 0:00:12]} 32. Rf7+ {[%emt 0:00:18]} Kc6 {[%emt 0:00:12]} 33. Rxh7 {[%emt 0:00:23]} Rxb3 {[%emt 0:00:27]} 34. Kd2 {[%emt 0:00:20]} Rb2+ {[%emt 0:00:47]} 35. Kc3 {[%emt 0:00:19]} Rg2 {[%emt 0:03:18]} 36. Rg7 {[%emt 0:00:48]} a5 {[%emt 0:00:43]} 37. e4 {[%emt 0:00:34]} b5 {[%emt 0:01:58]} 38. Kd3 {[%emt 0:00:52]} Rg3+ {[%emt 0:00:29]} 39. Kc2 {[%emt 0:00:13]} a4 {[%emt 0:02:41]} 40. Ra7 {[%emt 0:01:07]} c4 {[%emt 0:04:50]} 41. Ra6+ {[%emt 0:50:27]} Kc5 {[%emt 0:50:25]} 42. e5 {[%emt 0:00:17]} Re3 {[%emt 0:00:30]} 43. Re6 {[%emt 0:00:54]} Kb4 {[%emt 0:00:21]} 44. Kd2 {[%emt 0:00:18]} Re4 {[%emt 0:00:15]} 45. Re8 {[%emt 0:00:26]} a3 {[%emt 0:00:21]} 46. Ra8 {[%emt 0:00:46]} Rxe5 {[%emt 0:00:19]} 47. Kc2 {[%emt 0:00:10]} Re2+ {[%emt 0:00:14]} 48. Kb1 {[%emt 0:00:40]} Kb3 {[%emt 0:00:43]} 49. Kc1 {[%emt 0:00:22]} a2 {[%emt 0:00:42]} 50. Kd1 {[%emt 0:00:36]} Rh2 {[%emt 0:00:19]} 51. Kc1 {[%emt 0:00:38]} c3 {[%emt 0:00:35]} 52. Kd1 {[%emt 0:00:23]} c2+ {[%emt 0:00:13]} 53. Kc1 {[%emt 0:00:19]} Rh1+ {[%emt 0:00:04]} 54. Kd2 {[%emt 0:00:08]} c1=Q+ {[%emt 0:00:09]} 55. Kd3 {[%emt 0:00:11]} Qc4+ {[%emt 0:00:34]} 56. Ke3 {[%emt 0:00:13]} Rh3+ {[%emt 0:00:04]} 57. Kf2 {[%emt 0:00:13]} Qc2+ {[%emt 0:00:21]} 58. Kg1 {[%emt 0:00:17]} Rh2 {[%emt 0:00:35]} 59. Ra3+ {[%emt 0:00:15]} Kxa3 {[%emt 0:00:03]} 60. Kf1 {[%emt 0:00:12]} Qf2# {[%emt 0:00:04]} 0-1

[Event "4NCL 2021-22"]
[Site "England"]
[Date "2022.03.26"]
[Round "5.65"]
[White "Bisby, Daniel L"]
[Black "Turner, Max N"]
[Result "1-0"]
[WhiteElo "2296"]
[BlackElo "2223"]
[Annotator "ChessBase"]
[PlyCount "93"]
[EventDate "2021.11.27"]
[EventType "team-tourn"]
[EventCountry "ENG"]
[SourceTitle "playchess.com"]
[Source "ChessBase"]
[SourceQuality "1"]
[TimeControl "40/6000+30:3000+30"]

1. e4 {[%emt 0:04:49]} c5 {[%emt 0:00:14]} 2. Nf3 {[%emt 0:00:52]} Nc6 {[%emt 0:00:25]} 3. d4 {[%emt 0:01:44]} cxd4 {[%emt 0:00:26]} 4. Nxd4 {[%emt 0:00:05]} e5 {[%emt 0:00:58]} 5. Nb5 {[%emt 0:00:54]} d6 {[%emt 0:00:34]} 6. c4 {[%emt 0:01:13]} Be7 {[%emt 0:00:46]} 7. N1c3 {[%emt 0:01:17]} a6 {[%emt 0:00:32]} 8. Na3 {[%emt 0:00:14]} Be6 {[%emt 0:01:47]} 9. Nc2 {[%emt 0:01:46]} h6 {[%emt 0:00:59]} 10. Be2 {[%emt 0:02:32]} Bg5 {[%emt 0:01:19]} 11. O-O {[%emt 0:02:44]} Nge7 {[%emt 0:09:11]} 12. b3 {[%emt 0:03:45]} Be3 {[%emt 0:08:24]} 13. Bd2 Bxd2 {[%emt 0:00:30]} 14. Rc1 {[%emt 0:00:56]} Ng6 15. Qxd2 {[%emt 0:10:49]} Qg5 {[%emt 0:33:19]} 16. Qxg5 {[%emt 0:14:56]} hxg5 {[%emt 0:00:46]} 17. Rfd1 {[%emt 0:00:10]} O-O-O {[%emt 0:06:12]} 18. b4 {[%emt 0:06:33]} Nf4 {[%emt 0:04:55]} 19. b5 {[%emt 0:10:09]} axb5 {[%emt 0:07:00]} 20. cxb5 {[%emt 0:01:12]} Ne7 {[%emt 0:00:54]} 21. Ne3 {[%emt 0:06:11]} Kb8 {[%emt 0:01:46]} 22. Bf1 {[%emt 0:07:21]} Rh6 {[%emt 0:03:40]} 23. g3 {[%emt 0:01:31]} Nfg6 {[%emt 0:01:02]} 24. Bc4 {[%emt 0:04:32]} Nc8 {[%emt 0:07:46]} 25. Bxe6 {[%emt 0:04:52]} fxe6 {[%emt 0:00:05]} 26. Rd2 {[%emt 0:00:20]} Rhh8 {[%emt 0:04:40]} 27. a4 {[%emt 0:01:50]} Rhf8 {[%emt 0:03:55]} 28. Rcd1 {[%emt 0:03:54]} Rf7 {[%emt 0:00:34]} 29. Nb1 {[%emt 0:03:47]} Rfd7 {[%emt 0:05:46]} 30. Nc3 {[%emt 0:03:26]} Nge7 {[%emt 0:01:17]} 31. Rd3 {[%emt 0:00:55]} Rc7 {[%emt 0:00:57]} 32. Kg2 {[%emt 0:03:52]} Rc5 {[%emt 0:00:56]} 33. R1d2 {[%emt 0:00:11]} b6 {[%emt 0:04:12]} 34. Na2 {[%emt 0:01:54]} Kb7 {[%emt 0:00:54]} 35. Nb4 {[%emt 0:00:18]} Rc1 {[%emt 0:00:17]} 36. Rd1 {[%emt 0:03:02]} Rxd1 {[%emt 0:00:13]} 37. Rxd1 {[%emt 0:00:07]} Rf8 {[%emt 0:01:14]} 38. Nc4 {[%emt 0:00:23]} d5 {[%emt 0:00:33]} 39. exd5 {[%emt 0:02:05]} Rd8 {[%emt 0:00:20]} 40. d6 {[%emt 0:01:09]} Nf5 {[%emt 0:00:17]} 41. Nc6 {[%emt 0:50:32]} Rd7 {[%emt 0:50:46]} 42. N6xe5 {[%emt 0:00:28]} Nfxd6 {[%emt 0:00:00]} 43. Nxd7 {[%emt 0:00:00]} Nxc4 {[%emt 0:00:00]} 44. Nf8 {[%emt 0:00:00]} e5 {[%emt 0:00:00]} 45. Rd7+ {[%emt 0:00:00]} Kb8 {[%emt 0:00:00]} 46. Rxg7 {[%emt 0:00:00]} Nb2 {[%emt 0:00:00]} 47. Nd7+ {[%emt 0:00:00]} 1-0

[Event "4NCL 2021-22"]
[Site "England"]
[Date "2022.03.26"]
[Round "5.66"]
[White "Taylor, Adam A"]
[Black "Tanmay Chopra"]
[Result "1/2-1/2"]
[WhiteElo "2277"]
[BlackElo "2313"]
[Annotator "ChessBase"]
[PlyCount "86"]
[EventDate "2021.11.27"]
[EventType "team-tourn"]
[EventCountry "ENG"]
[SourceTitle "playchess.com"]
[Source "ChessBase"]
[SourceQuality "1"]
[TimeControl "40/6000+30:3000+30"]

1. Nf3 {[%emt 0:00:02]} d5 {[%emt 0:00:06]} 2. g3 {[%emt 0:00:04]} Bg4 {[%emt 0:00:25]} 3. Bg2 {[%emt 0:00:16]} e6 {[%emt 0:00:49]} 4. Ne5 {[%emt 0:04:39]} Bh5 {[%emt 0:07:27]} 5. g4 {[%emt 0:14:41]} Bd6 {[%emt 0:03:16]} 6. gxh5 {[%emt 0:00:03]} Bxe5 {[%emt 0:00:06]} 7. d4 {[%emt 0:00:02]} Bd6 {[%emt 0:00:18]} 8. Nc3 {[%emt 0:00:39]} f5 {[%emt 0:01:28]} 9. Nb5 {[%emt 0:02:11]} c6 {[%emt 0:02:34]} 10. Nxd6+ {[%emt 0:00:12]} Qxd6 {[%emt 0:00:01]} 11. Qd3 {[%emt 0:03:42]} Nd7 {[%emt 0:09:04]} 12. Qg3 {[%emt 0:03:42]} Qe7 {[%emt 0:01:53]} 13. c3 {[%emt 0:40:49]} O-O-O {[%emt 0:09:42]} 14. Bf4 {[%emt 0:00:49]} Ngf6 {[%emt 0:00:28]} 15. Qh4 {[%emt 0:04:58]} Rde8 {[%emt 0:08:46]} 16. O-O-O {[%emt 0:04:49]} Ne4 {[%emt 0:01:05]} 17. Qxe7 {[%emt 0:00:06]} Rxe7 {[%emt 0:00:04]} 18. Rhf1 {[%emt 0:00:12]} Rg8 {[%emt 0:17:54]} 19. h4 {[%emt 0:18:54]} Rf7 {[%emt 0:26:41]} 20. Bh3 {[%emt 0:02:32]} h6 {[%emt 0:00:45]} 21. f3 {[%emt 0:03:50]} Nef6 {[%emt 0:00:04]} 22. Rg1 {[%emt 0:00:01]} Re8 {[%emt 0:06:27]} 23. Bd6 {[%emt 0:00:19]} Nxh5 {[%emt 0:01:10]} 24. Rde1 {[%emt 0:00:06]} Nhf6 {[%emt 0:00:48]} 25. Rg6 {[%emt 0:00:15]} Nf8 {[%emt 0:02:01]} 26. Bxf8 {[%emt 0:03:15]} Rexf8 {[%emt 0:00:04]} 27. e4 {[%emt 0:00:19]} Nh5 {[%emt 0:03:10]} 28. Rxe6 {[%emt 0:01:25]} Nf4 {[%emt 0:00:01]} 29. Bxf5 {[%emt 0:00:07]} Nd3+ {[%emt 0:00:31]} 30. Kd2 {[%emt 0:00:03]} Nxe1 {[%emt 0:00:05]} 31. Kxe1 {[%emt 0:00:07]} Kd8 {[%emt 0:02:46]} 32. Rd6+ {[%emt 0:01:52]} Kc7 {[%emt 0:00:02]} 33. Rg6 {[%emt 0:00:05]} Re7 {[%emt 0:01:32]} 34. Kd2 {[%emt 0:00:09]} Rf6 {[%emt 0:01:19]} 35. Rg2 {[%emt 0:01:24]} h5 {[%emt 0:04:27]} 36. Rg5 {[%emt 0:00:39]} g6 {[%emt 0:00:27]} 37. Rxg6 {[%emt 0:00:31]} Rxg6 {[%emt 0:00:29]} 38. Bxg6 {[%emt 0:00:01]} Rg7 {[%emt 0:00:39]} 39. Bxh5 {[%emt 0:00:02]} Rg2+ {[%emt 0:00:13]} 40. Kc1 {[%emt 0:01:28]} Rh2 {[%emt 0:00:44]} 41. Bf7 {[%emt 0:21:51]} Rxh4 {[%emt 0:00:29]} 42. exd5 {[%emt 0:00:14]} Rf4 {[%emt 0:00:14]} 43. Be6 {[%emt 0:02:09]} Rxf3 {[%emt 0:00:53]} 1/2-1/2

[Event "4NCL 2021-22"]
[Site "England"]
[Date "2022.03.26"]
[Round "5.67"]
[White "Hill, Alistair"]
[Black "Coathup, Roger H"]
[Result "1-0"]
[WhiteElo "2236"]
[BlackElo "2154"]
[Annotator "ChessBase"]
[PlyCount "81"]
[EventDate "2021.11.27"]
[EventType "team-tourn"]
[EventCountry "ENG"]
[SourceTitle "playchess.com"]
[Source "ChessBase"]
[SourceQuality "1"]
[TimeControl "40/6000+30:3000+30"]

1. d4 {[%emt 0:05:33]} Nf6 {[%emt 0:00:06]} 2. c4 {[%emt 0:00:05]} g6 {[%emt 0:00:08]} 3. Nc3 {[%emt 0:00:45]} Bg7 {[%emt 0:00:07]} 4. e4 {[%emt 0:00:04]} d6 {[%emt 0:00:06]} 5. Nf3 {[%emt 0:00:05]} O-O {[%emt 0:00:14]} 6. Be2 {[%emt 0:00:03]} e5 {[%emt 0:00:20]} 7. O-O {[%emt 0:00:25]} Bg4 {[%emt 0:04:13]} 8. Be3 {[%emt 0:01:24]} Nc6 {[%emt 0:06:43]} 9. d5 {[%emt 0:03:46]} Bxf3 {[%emt 0:06:13]} 10. Bxf3 {[%emt 0:05:13]} Nd4 {[%emt 0:03:23]} 11. Bxd4 {[%emt 0:23:34]} exd4 {[%emt 0:00:09]} 12. Qxd4 {[%emt 0:00:07]} Re8 {[%emt 0:09:54]} 13. Qd2 {[%emt 0:02:05]} Nd7 {[%emt 0:03:26]} 14. Rae1 {[%emt 0:05:16]} Nb6 {[%emt 0:11:25]} 15. b3 {[%emt 0:07:39]} Qf6 {[%emt 0:02:55]} 16. Nb5 {[%emt 0:08:16]} Re7 {[%emt 0:07:03]} 17. e5 {[%emt 0:07:05]} dxe5 {[%emt 0:01:50]} 18. c5 {[%emt 0:00:05]} Nc8 {[%emt 0:05:36]} 19. Qa5 {[%emt 0:01:12]} b6 {[%emt 0:10:01]} 20. Qa3 {[%emt 0:02:49]} Rb8 {[%emt 0:01:49]} 21. d6 {[%emt 0:07:01]} cxd6 {[%emt 0:00:26]} 22. cxd6 {[%emt 0:00:06]} Rd7 {[%emt 0:01:45]} 23. Bg4 {[%emt 0:00:10]} Rd8 {[%emt 0:01:21]} 24. Bxc8 {[%emt 0:03:02]} Rbxc8 {[%emt 0:01:35]} 25. Qxa7 {[%emt 0:00:17]} Ra8 {[%emt 0:05:29]} 26. Qxb6 {[%emt 0:00:55]} Rxa2 {[%emt 0:03:30]} 27. Rd1 {[%emt 0:04:01]} Bf8 {[%emt 0:01:44]} 28. Nc3 {[%emt 0:07:45]} Raa8 {[%emt 0:01:21]} 29. Nd5 {[%emt 0:00:14]} Qg5 {[%emt 0:02:04]} 30. d7 {[%emt 0:08:58]} Kg7 {[%emt 0:04:05]} 31. f4 {[%emt 0:01:59]} exf4 {[%emt 0:03:12]} 32. Qd4+ {[%emt 0:00:19]} f6 {[%emt 0:00:39]} 33. Nxf4 {[%emt 0:00:33]} Ra6 {[%emt 0:02:38]} 34. Kh1 {[%emt 0:01:28]} Qe5 {[%emt 0:05:39]} 35. Qc4 {[%emt 0:00:39]} Rd6 {[%emt 0:01:33]} 36. Rxd6 {[%emt 0:00:39]} Bxd6 {[%emt 0:00:15]} 37. Qc8 {[%emt 0:04:02]} Bc7 {[%emt 0:00:26]} 38. Qxc7 {[%emt 0:00:35]} Qxc7 {[%emt 0:00:30]} 39. Ne6+ {[%emt 0:00:04]} Kf7 {[%emt 0:00:17]} 40. Nxc7 {[%emt 0:00:06]} Rxd7 {[%emt 0:00:02]} 41. Rc1 {[%emt 0:50:31]} 1-0

[Event "4NCL 2021-22"]
[Site "England"]
[Date "2022.03.26"]
[Round "5.68"]
[White "Oswald, Graeme"]
[Black "Lee, Richard W Y"]
[Result "0-1"]
[WhiteElo "2141"]
[BlackElo "2125"]
[Annotator "TA"]
[PlyCount "140"]
[EventDate "2021.11.27"]
[EventType "team-tourn"]
[EventCountry "ENG"]
[SourceTitle "playchess.com"]
[Source "ChessBase"]
[SourceQuality "1"]

{[%evp 17,140,-39,-38,-77,-31,-56,-53,-69,-61,-65,18,6,8,8,9,3,7,-30,-22,-18,16,-25,0,-13,2,0,0,0,0,-57,-28,0,0,-133,-128,-129,-110,-127,-111,-273,-264,-278,-278,-286,-249,-306,-306,-329,-315,-473,-338,-425,-412,-533,-418,-436,-407,-416,-395,-394,-283,-295,-272,-301,-298,-430,-381,-412,-384,-447,0,-315,-232,-291,-287,-328,-299,-384,-374,-378,-368,-375,-342,-360,-348,-370,-340,-436,-362,-356,-355,-356,-353,-312,-239,-285,-320,-334,-312,-530,-353,-630,-572,-943,-911,-877,-585,-585,-527,-563,-537,-773,-817,-798,-729,-29985,-29986,-29991,-12837,-12834,-1805,-29978,-29976,-29991,-29992]} 1. g3 d5 2. Bg2 Nf6 3. d3 e6 4. Nf3 Be7 5. O-O O-O 6. Bg5 c5 7. Nc3 Nc6 8. e4 d4 9. Ne2 e5 10. h3 {B24: Closed Sicilian: 3 g3 sidelines.} Ne8 {[#]} (10... Be6 $17) 11. Bd2 $146 ({Predecessor:} 11. Bxe7 Qxe7 12. Kh2 Nd6 13. g4 c4 14. Ng3 g6 15. Qd2 cxd3 16. cxd3 a5 17. Qh6 Ra6 {0-1 (48) Apanaviciute,K (1892)-Ravlusevic,E (1581) Vilnius 2020}) 11... Be6 12. Ne1 {Black is slightly better.} f6 13. f4 {[%cal Bf2f4,Bf4f5][%mdl 32]} g5 (13... Nd6 $15) 14. f5 Bf7 15. g4 c4 16. h4 h6 17. Rf3 Qb6 (17... gxh4 18. Bxh6 Nd6 19. Bxf8 Bxf8 20. Rh3 $16) 18. b3 cxd3 (18... gxh4 $2 19. Bxh6 Nd6 20. Bxf8 (20. bxc4 Nxc4 21. Rb1 Qc5 $16) 20... Bxf8 21. Rh3 $16 (21. bxc4 Nxc4 22. Rb1 Qc5 $16)) (18... c3 $5 19. Bc1 Qd8 $11) 19. cxd3 (19. Nxd3 $142 Nb4 20. hxg5 hxg5 21. Rh3) 19... Bb4 (19... gxh4 20. Bxh6 Nd6 21. Bxf8 Bxf8 22. Rh3 $16) 20. Bc1 a5 (20... gxh4 $2 21. Bxh6 Bc3 22. Rb1 $18) 21. Nc2 Nc7 22. hxg5 hxg5 23. Rh3 ({White should play} 23. Nxb4 $11 Nxb4 24. Bxg5 $1 fxg5 25. Qc1) 23... Nb5 24. Kf2 Kg7 $1 {Threatens to win with ...Rh8.} 25. Ng3 (25. Qh1 $11 {keeps the balance.} Rh8 26. Bxg5 Rxh3 27. Qxh3 (27. Bxf6+ Kxf6 28. g5+ Ke7 $15) 27... fxg5 28. Rh1) 25... Rh8 $17 26. Nh5+ Bxh5 {Really sharp!} 27. gxh5 {[%cal Oh5h6]} Kh6 {Black is more active.} 28. Nxb4 $2 (28. Bf3 $17) 28... axb4 $19 29. Rg3 Rhg8 30. Bf3 Nc3 31. Qd2 {[#]} Nb8 $1 {[%cal Bc6b8,Bb8d7,Bd7c5][%mdl 32]} 32. Bd1 Nd7 33. a4 (33. Kg1 {was necessary.}) 33... Nc5 {Pair of Knights!} 34. Rg4 Qc7 35. Bb2 Rgd8 36. Bc2 Rd6 37. Rag1 Rg8 38. Bc1 Qd8 39. R1g3 Rd7 40. Ke1 b6 41. Qg2 (41. Kf1 $142) 41... Rdg7 42. Bd2 Qe7 43. Qf2 Qd8 $2 ({Better is} 43... Qf7 $19 44. Bxc3 bxc3) 44. Kf1 $2 {[%mdl 8192]} (44. Qg2 $1 $11) 44... Rd7 45. Qg2 Rgg7 46. Kg1 Rb7 {[%cal Bd7b7,Bb7b5,Bb5b6,Bb6a6,Ba6a2][%mdl 32]} 47. Kh2 b5 {[%cal Rb5a4]} 48. axb5 Rxb5 49. Qf2 Rb6 50. Qg1 (50. Rh3 Qg8 51. Rg1 Nxb3 52. Bxb3 Qxb3) 50... Qe7 (50... Ne2 $2 51. Qe1 Nxg3 52. Rxg3 $19) 51. Rg2 Ra6 52. Qf2 Nd7 53. R4g3 ({Not} 53. Qh4 $2 Nc5 54. R4g3 Ra2 $19) 53... Qd8 54. Qg1 Ra2 55. Qc1 Nf8 56. Rf3 Nh7 57. Rf1 Rc7 {[%cal Oc3e4,Bg7c7,Bc7c1,Bc1e1][%mdl 32]} (57... Kxh5 $2 {leads to mate.} 58. Kg3) 58. Rfg1 $2 (58. Rff2 {keeps fighting.}) 58... Qe7 {...Nb5 is the strong threat.} 59. Bb1 $2 {[#]} (59. Bxc3 bxc3 60. Bb1) 59... Nxe4 $1 {[%mdl 512]} 60. Bxb4 (60. Qd1 Rxd2) 60... Qf7 {[%cal Rf7h5]} (60... Rxc1 61. Bxe7 Rxg2+ 62. Kxg2 Rxg1+ 63. Kxg1 $19) 61. Qd1 {[#]} Rc1 $3 {[%mdl 512]} 62. Qf3 Rxg2+ 63. Rxg2 Nc3 64. Bc2 Nd5 65. Ba3 Re1 {Strongly threatening ...Ne3.} 66. b4 Ne3 67. b5 Nxg2 (67... g4 $142 68. Qh3 gxh3 69. Rg6+ Kxh5 70. Kg3 Qb7 71. Bd1+ Rxd1 72. Rh6+ Kxh6 73. Kh4 Qg2 74. Bf8+ Nxf8 75. b6 Nxf5#) 68. Kxg2 Qc7 (68... Qa2 $142 69. Qf2 Qd5+ 70. Qf3 Re2+ 71. Kg3 Re3) 69. Qf2 Qb7+ 70. Kg3 Qh1 {Weighted Error Value: White=0.56/Black=0.27 (precise)} 0-1

[Event "4NCL 2021-22"]
[Site "England"]
[Date "2022.03.26"]
[Round "5.69"]
[White "Robertson, J Stuart"]
[Black "Dunn, Andrew"]
[Result "1/2-1/2"]
[WhiteElo "2174"]
[BlackElo "2153"]
[Annotator "TA"]
[PlyCount "129"]
[EventDate "2021.11.27"]
[EventType "team-tourn"]
[EventCountry "ENG"]
[SourceTitle "playchess.com"]
[Source "ChessBase"]
[SourceQuality "1"]

{[%evp 19,129,16,26,-9,25,0,68,22,23,34,29,0,0,0,10,10,12,5,0,14,6,-5,0,0,0,-14,-18,-15,-18,-79,-80,-73,-78,-81,-9,-10,0,-46,10,5,52,0,31,0,12,0,0,4,19,16,53,0,0,0,79,21,6,6,8,17,16,0,12,25,110,29,31,6,8,0,0,0,0,0,0,0,0,0,0,0,0,0,0,0,0,0,0,0,0,0,0,0,0,0,0,0,0,0,0,0,8,0,0,0,0,0,0,3,16,8,8,0]} 1. d4 d5 2. c4 dxc4 3. e4 e5 4. Nf3 exd4 5. Bxc4 Nc6 6. O-O Be6 7. Bxe6 fxe6 8. Qb3 Qd7 9. Qxb7 Rb8 10. Qa6 Nf6 {[%cal Bg8f6,Bf6d5,Bd5b4,Bb4d3][%mdl 32] 10...Nge7 is the modern continuation.} 11. e5 {D20: Queen's Gambit Accepted: 3 e3 and 3 e4.} (11. Nbd2 $5 {[%cal Rd2c4]}) 11... Nd5 12. Nbd2 {[%cal Bb1d2,Bd2b3,Bb3d4][%mdl 32]} Rb6 {[#]} (12... Be7 $11) 13. Qd3 $146 (13. Qe2 $1 $14) ({Predecessor:} 13. Qc4 Rb4 14. Qa6 Be7 15. Nb3 O-O 16. Qd3 Nf4 17. Bxf4 Rxf4 18. g3 Rf5 19. Rad1 Nxe5 20. Nxe5 Rxe5 {0-1 (54) Offinger,R (2230)-Wichmann,C (2249) Germany 2000}) 13... Ndb4 $11 14. Qe4 Qd5 15. Qg4 Nd3 $1 ({Don't do} 15... Nxa2 16. Ne4 $16) ({Resist} 15... Nxe5 16. Nxe5 Qxe5 17. Nc4 $16) 16. Nb3 {[%cal Rb3d4]} Ndxe5 17. Nxe5 Nxe5 18. Qxd4 Qxd4 19. Nxd4 c5 20. Nc2 Be7 21. b3 Kf7 22. Ba3 Rd8 23. Rfd1 {Prevents Rd2.} Nd3 24. Ne3 (24. Rd2 $11) 24... Ra6 $17 {[#] Strongly threatening ...Bf6.} 25. Nc4 Bf6 26. Rab1 Rd5 (26... Rd4 $17) 27. Rd2 $1 $11 Nb4 28. Re2 (28. Bxb4 $11 cxb4 29. Re2) 28... Rd3 ({Better is} 28... Nc6 $1 $15) 29. Kf1 Rc3 (29... Rd5 $11) 30. Bb2 (30. Bxb4 $14 cxb4 31. Rd1) 30... Rc2 31. Bxf6 gxf6 32. a3 Rxe2 33. Kxe2 {[%mdl 4096] Endgame KRN-KRN} Nd5 34. Rc1 {Prevents Nc3+.} Nb6 35. Nd6+ ({White should play} 35. a4 $1 $14) 35... Ke7 36. Nb5 Nd7 (36... Ra5 $1 $11 {keeps the balance.} 37. a4 (37. Rxc5 a6 $17) 37... c4 38. bxc4 a6) 37. a4 {White is more active.} (37. Rc3 $16) 37... Rb6 38. Rc3 a6 39. Na3 Ne5 40. Nc2 h6 41. f4 Nf7 (41... Nd7 $11) 42. Ne3 (42. Rxc5 $16 {aiming for Rc7+.} Kd6 43. Rc3) 42... Nd6 43. Kd3 Rb4 {The position is equal.} 44. Rxc5 Rxb3+ 45. Ke2 Kd7 46. f5 Ra3 47. fxe6+ Kxe6 48. a5 Ra2+ 49. Kf3 Ra3 50. h3 Kd7 51. g4 Nb7 52. Rh5 Nxa5 {[#] ...Nc4 is the strong threat.} 53. Ke4 Nb7 54. Rxh6 Nd6+ 55. Kf4 Ra4+ 56. Kf3 Ra3 57. Rh7+ Ke6 {And now ...Nc4 would win.} 58. Rc7 {To avoid Nc4} Nf7 59. Rc6+ Ke7 {White must now prevent ...Ne5+.} 60. Ke2 Ra2+ 61. Kd1 Nd6 62. h4 Ra1+ 63. Ke2 Rh1 64. h5 f5 $1 65. Nxf5+ {Weighted Error Value: White=0.14 (very precise) /Black=0.15 (very precise)} 1/2-1/2

[Event "4NCL 2021-22"]
[Site "England"]
[Date "2022.03.26"]
[Round "5.70"]
[White "Longson, Sarah N"]
[Black "Stewart, Ashley"]
[Result "0-1"]
[WhiteElo "2022"]
[BlackElo "2062"]
[Annotator "ChessBase"]
[PlyCount "54"]
[EventDate "2021.11.27"]
[EventType "team-tourn"]
[EventCountry "ENG"]
[SourceTitle "playchess.com"]
[Source "ChessBase"]
[SourceQuality "1"]
[TimeControl "40/6000+30:3000+30"]

1. e4 {[%emt 0:00:02]} g6 {[%emt 0:00:02]} 2. d4 {[%emt 0:01:36]} Bg7 {[%emt 0:00:05]} 3. Nc3 {[%emt 0:00:57]} d6 {[%emt 0:00:17]} 4. Be3 {[%emt 0:02:30]} a6 {[%emt 0:00:28]} 5. Qd2 {[%emt 0:02:37]} Nd7 {[%emt 0:03:14]} 6. O-O-O {[%emt 0:05:09]} b5 {[%emt 0:03:03]} 7. Nf3 {[%emt 0:09:21]} Bb7 {[%emt 0:02:04]} 8. d5 {[%emt 0:08:59]} b4 {[%emt 0:10:45]} 9. Ne2 {[%emt 0:04:42]} c5 {[%emt 0:01:51]} 10. dxc6 {[%emt 0:19:10]} Bxc6 {[%emt 0:00:09]} 11. Ned4 {[%emt 0:01:47]} Bxe4 {[%emt 0:06:34]} 12. Ng5 {[%emt 0:07:25]} Ngf6 {[%emt 0:05:49]} 13. Nxe4 {[%emt 0:04:09]} Nxe4 {[%emt 0:00:05]} 14. Qxb4 {[%emt 0:01:05]} Nec5 {[%emt 0:12:22]} 15. Qd2 {[%emt 0:13:30]} Qc7 {[%emt 0:06:07]} 16. Nb3 {[%emt 0:08:14]} Nxb3+ {[%emt 0:09:35]} 17. axb3 {[%emt 0:00:05]} O-O {[%emt 0:00:50]} 18. h4 {[%emt 0:02:35]} a5 {[%emt 0:10:36]} 19. Bb5 {[%emt 0:00:35]} Nc5 {[%emt 0:00:34]} 20. Bxc5 {[%emt 0:02:51]} Qxc5 {[%emt 0:01:02]} 21. Qe2 {[%emt 0:00:57]} Rab8 {[%emt 0:08:46]} 22. Ba4 {[%emt 0:00:35]} Rfc8 {[%emt 0:03:13]} 23. h5 {[%emt 0:00:51]} Rb4 {[%emt 0:05:51]} 24. hxg6 {[%emt 0:02:21]} hxg6 {[%emt 0:00:27]} 25. Kb1 {[%emt 0:03:09]} Rcb8 {[%emt 0:07:19]} 26. Qxe7 {[%emt 0:03:03]} Rxa4 {[%emt 0:02:22]} 27. Rxd6 {[%emt 0:00:49]} Ra1+ {[%emt 0:00:38]} 0-1